000 00252nam a2200097Ia 4500
001 650462
005 20250826154400.0
008 250824s9999 xx 000 0 und d
245 0 _a18 Asla Bir Trol’e Güvenme
_c Kate McMullan
260 _bBEYAZ BALİNA
999 _c650462
_d650462